A Juhász Gyula Tanárképző Főiskola ... tudatja, hogy Dr. Kiss István nyugalmazott tanszékvezető főiskolai tanár, életének 80. évében elhunyt
Elmentve itt :
| Dokumentumtípus: | Cikk |
|---|---|
| Megjelent: |
1990-04-25
|
| Sorozat: | Délmagyarország
80 No. 96 |
| Kulcsszavak: | Kiss István |
| Online Access: | http://dmarchiv.bibl.u-szeged.hu/95866 |
| LEADER | 00521nab a2200145 i 4500 | ||
|---|---|---|---|
| 001 | delm95866 | ||
| 005 | 20190926092434.0 | ||
| 008 | 190926s1990 hu o 0|| hun d | ||
| 040 | |a SZTE Délmagyarország Archívum |b hun | ||
| 041 | |a hun | ||
| 245 | 0 | 2 | |a A Juhász Gyula Tanárképző Főiskola ... tudatja, hogy Dr. Kiss István nyugalmazott tanszékvezető főiskolai tanár, életének 80. évében elhunyt |h [elektronikus dokumentum] |
| 260 | |c 1990-04-25 | ||
| 300 | |a 7 | ||
| 490 | 0 | |a Délmagyarország |v 80 No. 96 | |
| 695 | |a Kiss István | ||